000 00704nam a2200205Ia 4500
003 GCL
008 140319s9999 xx 000 0 ara d
040 _aGCL /
_cGCL
082 0 4 _a140.9
_bع ص
100 1 _aعصام الدين محمد على
245 1 0 _aصحوة العقل مع تاريخ المذاهب الفلسفية /
_cعصام الدين محمد على
260 _a[S.N] :
_bمنشاة المعارف الاسلامية ،
_c1994
300 _a270 ص
490 _a
650 0 4 _aالفلسفة الاسلامية
650 0 4 _aالفلسفة اليونانية
650 0 4 _aالمذاهب الفلسفية
650 0 4 _aالفلسفة الافلاطونية
942 _2ddc
_cBK
999 _c50391
_d50391